00433cam a2200169ua 45000010005000000080039000050200018000440400009000620410008000710820008000791000041000872450057001282600039001853000010002246530014002346530015002489553160217n ii |||gr||||Z||||||eng a9789331326072 cMAIN aeng a370 aKumar, Puvvada George Raja,eAuthor. aEducational leadershipcby Puvvada George Raja Kumar aNew Delhi:bAPH publishing,c2015. a283p. aEducation aLeadership